00551cam a22001692 4500001001100000005001700011008004100028020001700069040001500086245007700101250001300178260004400191300001700235650006400252650006200316852000300378000002379120151217152248.0130325s xx 000 0 eng d a0821348108 : aKABUcKABU10aNatural resource management strategy :bEastern Europe and Central Asia. a1st ed. aWashington, D. C. :bWorld Bank,c2000. axvi, 134 p. 0aNatural resourcesxManagementzEurope, Eastern.@0000183503 0aNatural resourcesxManagementzAsia, Central.@00001835041